[Event "Moscow Aeroflot op-A"]
[Site "Moscow"]
[Date "2005.02.20"]
[Round "6"]
[White "Sargissian, Gabriel"]
[Black "Atalik, Suat"]
[Result "1/2-1/2"]
[WhiteElo "2602"]
[BlackElo "2560"]
[Annotator "Atalik,S"]
[PlyCount "94"]
[EventDate "2005.02.15"]
[EventType "swiss"]
[EventRounds "9"]
[EventCountry "RUS"]
[SourceTitle "CBM 106"]
[Source "ChessBase"]
[SourceDate "2005.06.06"]
[SourceVersion "1"]
[SourceVersionDate "2005.06.06"]
[SourceQuality "1"]

1. d4 d5 2. c4 c6 3. Nc3 Nf6 4. e3 g6 $5 {The solid Schlechter System!} 5. Bd3
Bg7 ({Like in my game with Azmai} 5... Bf5 $6 {is not a good idea either in
this position.} 6. Bxf5 gxf5 7. cxd5 (7. Qb3 Qb6) 7... cxd5 8. Qb3 Qd7 9. Nf3
Nc6 10. Ne5 (10. O-O e6 11. Bd2 Ne4 $40) 10... Nxe5 11. dxe5 Ng4 12. f4 $1 e6
13. h3 Nh6 14. Bd2 $1 $16) 6. Nge2 $6 {I can not understand the merit of this
move.} (6. Nf3 O-O 7. O-O Bg4 8. h3 Bxf3 9. Qxf3 $14) 6... O-O 7. O-O Nbd7 $6 {
A risky move.We know that this allow an exchange of central pawns and than
black experiences difficulties on his queenside due to his misplaced Nd7.A
typical example of this Rubinstein-Bogoljubow,Vienna 1922.However in this game
I have thought that since Ne2 does not exert pressure to the center I would
have been able to turn the things in my favor on the queenside.} (7... dxc4 8.
Bxc4 Nbd7 9. e4 (9. Bb3 e5) 9... e5 10. f4 $1 {I have exaggerated the value of
this move.} (10. f3 $2 exd4 11. Nxd4 (11. Qxd4 $2 Ng4) 11... Nb6 $17) 10...
exd4 11. Qxd4 Nb6 12. Qxd8 Rxd8 13. Bb3 Bg4 14. e5 Nfd5 $36) 8. cxd5 $1 {
Gabriel does definitely know about Rubinstein.} cxd5 9. Qb3 e6 10. Bd2 Ne8 $1
11. Rac1 Ndf6 12. Rc2 (12. Na4 Nd6 13. Bb4 Re8 $13) 12... Nd6 13. Nb5 Nxb5 14.
Bxb5 a6 $1 {That was the base of my plan.When I have decided for 7...Nbd7 I
have thought eventually I will start pushing my queenside pawns and not only I
will gain space there but put his queen in dire straits too.} (14... Bd7 $6 15.
Rfc1 $16) 15. Bd3 b5 16. Qa3 Bd7 17. Rfc1 $2 {This makes my plan to work.} ({
But actually} 17. Ba5 Qb8 18. Rfc1 $16 {looks pretty bad for black.}) 17... a5
$40 18. Qc5 Re8 19. Qc7 Bf8 20. Qxd8 Rexd8 21. f3 b4 $1 {Black has to fight
for initiative.} (21... Ne8 $2 22. e4 Nd6 23. Bg5 Rdc8 24. Rc7 $16) 22. e4 dxe4
(22... b3 $2 23. axb3 Rdb8 24. Ra1 Rxb3 25. Nc1 Bb5 26. Nxb3 Bxd3 27. Rc3 dxe4
28. Nc5 Nd5 29. Rca3 Bg7 30. Bc3 $18 {casts doubt on this attempt.}) 23. fxe4
Ne8 $1 24. e5 Rdb8 25. b3 a4 26. Ng3 axb3 27. axb3 Ra3 $1 {By exact moves
black developped his own attack!} 28. Rb1 $1 {White should not allow black to
put his bishop on c6 at once.} (28. Bc4 $2 Bc6 29. Bxe6 fxe6 30. Rxc6 Rxb3 31.
Rxe6 Rd3 $17) 28... Be7 29. Ne4 Ba4 $1 30. Bc4 Bc6 {Now I have thought that I
will take over the initiative since I have accomplished objective number one.}
31. Nf2 Ba8 $5 {This clears the b line but on the other hand weakens the back
rank.} (31... Nc7 $2 32. Bd3) (31... Ng7 32. g4 $132) (31... Bb7 $6 32. Bb5 $1
Bd5 $140 33. Ba4 $16) 32. Rbc1 Rd8 33. Bb5 $1 (33. Nd3 $6 Be4 $17) 33... Bd5 $1
(33... Rxb3 $2 34. Rc8 Rxc8 35. Rxc8 Rb1+ 36. Bf1 $18) 34. Rc8 Ra8 35. Rxa8
Bxa8 36. Nd3 $1 (36. Rc4 $2 Bd5 37. Bxb4 Bg5 $17) 36... Be4 {Now the game
became very tactical and I was relying on my ability to calculate however
Armen showed his capability in this field too.} 37. Bxb4 $5 (37. Nxb4 Rxd4 38.
Bc3 Rd8 39. Nc6 Bc5+ 40. Kf1 Ra8 41. b4 Be3 42. Re1 Nc7 43. Rxe3 Nxb5 44. Rxe4
Nxc3 45. Rc4 Nd5 $132) 37... Bg5 38. Re1 $1 $11 Bxd3 {This looks like giving
him and easy draw but alternatives were not better.} (38... Nc7 39. Ba5 (39.
Nc5 $5 Rxd4 (39... Nxb5 40. Nxe4 Rxd4 41. Bc5 Rd5 42. Nxg5 Rxc5 43. Rf1 Rxe5
44. Nxf7 $11) 40. Bc3 Rd5 41. Bc4 Rxc5 42. Rxe4 Nd5 43. Bd4 Ra5 $11) 39... Rxd4
(39... Nxb5 $4 40. Bxd8) 40. Bxc7 Bxd3 41. Bxd3 Rxd3 42. b4 Rb3 43. Bd6 Bd2 44.
Re4 $11) 39. Bxd3 Rxd4 40. Bc4 Bd2 41. Bxd2 Rxd2 42. Re2 {Since my Ne8 does
not participate the game fully he is able to equalize.} Rd1+ 43. Kf2 Nc7 44.
Re1 {He wants to repeat the moves and get a draw.There is not much to do for
black.} ({He could have tried} 44. Ke3 Nd5+ 45. Bxd5 Rxd5 46. Ke4 Rb5 47. Rb2
Rb4+ 48. Kd3 Kf8 49. Kc3 Re4 50. b4 Ke7 51. b5 Kd7 52. b6 (52. Rf2 Rxe5 53.
Rxf7+ Kd6 54. Kb4 Re2 55. Rxh7 Rxg2 $11) 52... Kc8 53. Rf2 Kb7 54. Rxf7+ Kxb6
55. Kd3 Rxe5 56. Rxh7 Kc6 $11) 44... Rd2+ 45. Re2 Rd1 46. Re1 Rd2+ 47. Re2 Rd1
1/2-1/2

[Event "EU-ch 4th"]
[Site "Istanbul"]
[Date "2003.06.02"]
[Round "4"]
[White "Graf, Alexander"]
[Black "Atalik, Suat"]
[Result "1-0"]
[WhiteElo "2630"]
[BlackElo "2568"]
[Annotator "Atalik,S"]
[PlyCount "53"]
[EventDate "2003.05.30"]
[EventType "swiss"]
[EventRounds "13"]
[EventCountry "TUR"]
[SourceTitle "CBM 096"]
[Source "ChessBase"]
[SourceDate "2003.09.25"]
[SourceVersion "1"]
[SourceVersionDate "2003.09.25"]
[SourceQuality "1"]

1. d4 d5 2. c4 c6 3. Nc3 Nf6 4. cxd5 cxd5 5. Bf4 Nc6 6. e3 Ne4 $6 {This move
is risky.} (6... Bg4 $5 7. f3 Bd7 $13) (6... a6 7. Bd3 Bg4 8. f3 Bh5 9. g4 Bg6
10. h4 e6 11. h5 Bxd3 12. Qxd3 h6 $13) 7. Nge2 $1 {Surprise,surprise!} (7. Nxe4
dxe4 8. Ne2 e5 9. dxe5 Qa5+ 10. Nc3 Bb4 11. Qc2 O-O 12. a3 Bxc3+ 13. Qxc3 Qxc3+
14. bxc3 a6 15. Bc4 Re8 16. Bd5 Nxe5 17. Bxe4 Ng6 18. Bxg6 hxg6 $11) 7... Nxc3
{Good or bad I had to go for that.} (7... Qa5 $6 8. a3 $1 $16) (7... Bf5 {
I have realised that} 8. Qb3 e5 9. Bxe5 Nxe5 10. Nxe4 dxe4 11. dxe5 Qa5+ 12.
Nc3 Bb4 13. Bc4 O-O 14. e6 $1 $16) 8. Nxc3 e6 9. Bd3 Bd6 (9... Bd7 10. O-O Be7
11. Qh5 $16) 10. Qg4 $1 {A very strong move based on simple calculation.} g6 (
10... O-O $2 11. Bh6 Qf6 12. Bg5 $18) 11. Bxd6 $6 (11. Qg3 Bxf4 12. Qxf4 $16 {
is a very bad position for black.}) 11... Qxd6 12. Qg3 Qxg3 13. hxg3 Bd7 14.
Kd2 Ne7 15. Rac1 Rc8 16. e4 f6 $1 $14 {Black should be able to defend this
position.} 17. exd5 exd5 18. Bb5 $1 Kd8 $6 {I have obviously had a bad day!} (
18... Rd8 19. Ba4 $1 Kf7 20. Bb3 Bc6 21. g4 $14) (18... a6 $1 19. Bd3 (19.
Bxd7+ Kxd7 20. Na4 Rxc1 21. Rxc1 Nc6 22. Nc5+ Kc7 23. g4 $11) 19... h5 $11) 19.
Be2 Nf5 $2 {Another very bad move based on miscalculation.} (19... Rc6 $1 20.
Bf3 Rd6 21. g4 h6 $14) 20. Nxd5 Rxc1 (20... Nxd4 21. Rxc8+ Bxc8 22. Nxf6 Be6
23. Bd3 $18) 21. Kxc1 $1 ({Even the other one is better for white.} 21. Rxc1
Nxd4 22. Nxf6 Rf8 (22... Bc6 23. Bd3 Ke7 24. Ne4 Rd8 25. Re1 $16) 23. Ne4 Bc6
24. Bd3 $16) 21... Nxd4 22. Bc4 Rf8 $2 (22... b5 23. Rd1 $1 $18 {was what I
have missed.}) 23. Rxh7 Bc6 24. Kd2 a5 25. Kc3 $1 Nf5 $2 {loses on the spot.} (
25... Ne2+ 26. Kd3 b5 27. Kxe2 bxc4 28. Ne3 Re8 29. Kd2 $18) 26. Nf4 $18 {
e6, g6 everywhere is weak in blacks camp.} Bd7 27. Be6 {Time to check out of
the tournament hall for black.} 1-0

[Event "Subasic Memorial 4th"]
[Site "Zenica"]
[Date "2005.11.21"]
[Round "4"]
[White "Atalik, Suat"]
[Black "Atalik, Ekaterina"]
[Result "1/2-1/2"]
[WhiteElo "2620"]
[BlackElo "2414"]
[Annotator "Atalik,S"]
[PlyCount "25"]
[EventDate "2005.11.19"]
[EventType "tourn"]
[EventRounds "9"]
[EventCountry "BIH"]
[EventCategory "7"]
[SourceTitle "CBM 109 Extra"]
[Source "ChessBase"]
[SourceDate "2006.01.03"]
[SourceVersion "2"]
[SourceVersionDate "2006.01.03"]
[SourceQuality "1"]

1. d4 d5 2. c4 c6 3. cxd5 cxd5 4. Bf4 Nf6 5. e3 e6 6. Nc3 Bd6 7. Bxd6 Qxd6 8.
f4 O-O 9. Bd3 b6 10. Qe2 Nc6 11. a3 Bb7 12. Nf3 Rfc8 (12... Ne7 13. O-O Ne4
$132) 13. O-O 1/2-1/2

[Event "GRE-chT 36th"]
[Site "Kallithea"]
[Date "2008.07.10"]
[Round "7.1"]
[White "Atalik, Suat"]
[Black "Harikrishna, Pentala"]
[Result "1-0"]
[WhiteElo "2585"]
[BlackElo "2668"]
[Annotator "Atalik,S"]
[PlyCount "89"]
[EventDate "2008.07.06"]
[EventType "team-tourn"]
[EventRounds "7"]
[EventCountry "GRE"]
[SourceTitle "CBM 125"]
[Source "ChessBase"]
[SourceDate "2008.07.30"]
[SourceVersion "1"]
[SourceVersionDate "2008.07.30"]
[SourceQuality "1"]

1. d4 d5 2. c4 c6 3. Nc3 Nf6 4. e3 a6 5. Qc2 $5 {An almost forgotten line.} b5
6. b3 Bg4 7. Nge2 Nbd7 8. h3 Bh5 9. Nf4 Bg6 10. Nxg6 hxg6 11. Be2 (11. Bb2 e6
12. Bd3 Bd6 13. c5 Bc7 14. O-O-O e5 15. f3 $14 {is another way to play this
position.}) 11... e6 12. O-O Rc8 $6 {He had to get the bishop out.} (12... Bd6
13. e4 $5 (13. Rd1 O-O 14. a3 {is slow.}) 13... b4 14. exd5 bxc3 15. dxc6 Nb8
16. Bf3 Qc7 17. d5 O-O 18. Be3 exd5 19. cxd5 a5 $1 {in order to prevent b4.}
20. Qxc3 $1 Nbd7 $1 $13 {is very sharp.}) 13. c5 $1 $16 {Now, with the bishop
locked in, White simply expands his queenside.} e5 14. b4 e4 (14... Be7 15. a4
exd4 16. exd4 Nf8 17. Be3 Ne6 18. axb5 axb5 19. Ra6 O-O 20. Rfa1 Nh5 21. Bg4 $1
$16) 15. a4 Be7 16. axb5 axb5 17. Ra6 Nf8 $2 (17... O-O 18. Bd2 Nh7 19. Rfa1
$16) 18. Rxc6 $1 {An obvious and sound sacrifice.} Rxc6 19. Bxb5 Qc8 (19... Qa8
20. Qa2 $1 {makes no difference to things.}) 20. Qa4 Kd7 21. Bxc6+ (21. Bd2 {
may even be simpler than the game.} Ne6 (21... g5 22. Ra1 g4 23. hxg4 $18) 22.
Bxc6+ Qxc6 23. b5 Qa8 24. c6+ Kc7 25. b6+ $18) 21... Qxc6 22. b5 Qc8 23. b6+ {
I have only looked at this move.} (23. c6+ {is an alternative.} Ke6 (23... Kc7
24. b6+ $1 Kxb6 25. Ba3 $1 Bxa3 26. Rb1+ Kc7 27. Nb5+ Kd8 28. c7+ $18) (23...
Kd8 24. b6 Ne6 25. b7 Qb8 26. Nb5 Nc7 27. Bd2 Nxb5 28. Qxb5 Bd6 29. Ra1 Ke7 30.
Ra8 $18) 24. f3 Bd6 (24... exf3 25. e4 $1 $18) 25. fxe4 dxe4 26. d5+ Ke7 $18)
23... Ke6 (23... Qc6 24. Nb5 $1 {finishes him off.} (24. Qa7+ Ke6 25. b7 N8d7
26. Bd2 Rb8 27. Rb1 Bd8 28. Qa4 Qxa4 29. Nxa4 Bc7 30. c6 $16 {should also win.}
) 24... Ne6 25. Qa7+ Kc8 (25... Ke8 26. b7) 26. Qa5 $1 $18) 24. f3 {The sharp
way.} (24. Qb5 {looks very powerful too.}) 24... exf3 (24... N8d7 25. fxe4 Nxb6
26. Qb3 Bxc5 27. exd5+ Nfxd5 28. dxc5 Qxc5 29. Ne4 Qb4 30. Ng5+ $16) 25. e4 (
25. Rxf3 {should also be possible.} N8d7 26. e4 Bxc5 27. exd5+ $1 Nxd5 28. Nxd5
Kxd5 29. Qb3+ Kc6 30. dxc5 $18) 25... Bxc5 26. exd5+ (26. b7 Bxd4+ 27. Qxd4
Qxb7 28. exd5+ $16) 26... Ke7 27. Re1+ $6 {I felt like I had gone slightly
wrong around here.} (27. dxc5 $142 Qxc5+ 28. Rf2 $18) 27... Ne6 $2 ({I am for} 
27... Kd8 $142 28. b7 (28. Nb5 Bxb6 29. Nd6) 28... Bxd4+ 29. Qxd4 Qxb7 30. Ba3
$18) 28. dxc5 Qxc5+ 29. Re3 $1 {This seals his fate.} Qxb6 30. Qa3+ $1 {
This collects everything like in checkers.} (30. Ba3+ $2 Kd8 31. Qa8+ Kc7 32.
Nb5+ Kd7 $1 33. dxe6+ fxe6 34. Qxf3 Nd5 $11) 30... Qd6 31. dxe6 fxe6 32. Qa7+
Qd7 33. Ba3+ Kf7 34. Qxd7+ Nxd7 35. Rxf3+ Nf6 36. Ne4 Rb8 37. g4 (37. Ng5+ Kg8
38. Nxe6 $18 {is also good enough.}) 37... Kg8 (37... Rb1+ 38. Kf2) 38. Nxf6+
gxf6 39. Rxf6 Rb3 40. Bf8 Rxh3 41. Kg2 Rc3 ({I was anticipating} 41... Rh4 42.
Kg3 Rh1 43. Bc5 $1 Rc1 44. Rxg6+ Kf7 45. Rg5 Kf6 46. Bd4+ $18 {from the
endgame genius.}) 42. Bh6 Kh7 43. g5 e5 (43... Rc7 44. Rxe6 Rf7 45. Kg3 $18 {
and the black rook has to leave the f-file after which White's bishop switches
to f6 via f8.} ({Possibly he realised that I am too old for} 45. Re8 $4 Rf2+ $1
$11)) 44. Rf7+ Kh8 45. Re7 1-0

[Event "Star Palmyra op 2nd"]
[Site "Odessa"]
[Date "2004.08.07"]
[Round "4"]
[White "Sumets, Andrey"]
[Black "Atalik, Suat"]
[Result "0-1"]
[WhiteElo "2473"]
[BlackElo "2554"]
[Annotator "Atalik,S"]
[PlyCount "94"]
[EventDate "2004.08.04"]
[EventType "swiss"]
[EventRounds "9"]
[EventCountry "UKR"]
[SourceTitle "CBM 102"]
[Source "ChessBase"]
[SourceDate "2004.09.23"]
[SourceVersion "1"]
[SourceVersionDate "2004.09.23"]
[SourceQuality "1"]

1. d4 d5 2. c4 c6 3. cxd5 cxd5 4. Nc3 Nf6 5. Bf4 {This is a dangerous system
if white plays with some real ambitions. However I have felt in this very
moment that Andrey wants to have a solid game.} Qb6 $5 {Probably the most
risky approach. GM Dreev championed this move.} 6. Qd2 $5 {A very solid move
produced after a long thought.} (6. Rc1 Bd7 7. e3 Qxb2 8. Bd3 {transposes to
the line below.}) (6. e3 Qxb2 7. Rc1 (7. Bb5+ Bd7 8. Bxd7+ Nbxd7 9. Nge2 Qa3
10. Rb1 (10. O-O $6 a6 11. Rb1 b6 $17) 10... b6 11. Nb5 Qa5+ 12. Kf1 Rc8 13.
Rc1 Rc4 14. Rxc4 dxc4 $13) 7... Bd7 8. Bd3 e6 9. Nge2 Qa3 10. O-O a6 11. Be5
Nc6 12. Bxf6 gxf6 13. e4 dxe4 14. Bxe4 f5 15. Bxc6 bxc6 16. Na4 Rd8 $13) 6...
Nc6 7. e3 Bf5 8. Bd3 $1 $146 {This gives a very equal game.} Bxd3 9. Qxd3 e6
10. Nge2 $6 {This is simply not the very best square for white's knight. Dr
Tarrasch would definitely be very critical about this move.} (10. Nf3 $5 Be7 (
10... Qxb2 11. O-O $1 (11. Rb1 $6 Qa3 12. O-O Bb4 13. Rb3 Qa5 $17) 11... Qa3
12. Qb5 $1 Qa6 13. Rab1 $44) 11. O-O O-O $11) 10... Be7 11. O-O O-O 12. Qb5 {
White is losing potence in his position by going for exchanges.} (12. a3 $142
$13) 12... Qxb5 13. Nxb5 a6 14. Nbc3 b5 $36 15. Bg5 Rfc8 16. Nf4 Nh5 $1 {
The very first tactical punch in the game.} 17. Nxh5 (17. Bxe7 $2 Nxf4 18. exf4
(18. Ba3 b4 19. Bxb4 Nxb4 20. exf4 Nc2 $5 (20... Nd3 $17) 21. Rac1 (21. Rad1
Rab8) 21... Nxd4 $17) 18... Nxe7 $17) 17... Bxg5 18. Ng3 $2 {He already
started to drift away. He had a great option instead of this.} ({This would
have generated some serious counterplay. The idea is very simple and natural:
f2-f4-f5 and then Nf4.} 18. f4 $1 Bd8 19. f5 Bg5 (19... Nb4 $2 20. fxe6 fxe6
21. Nf4 Nc2 22. Nxe6 $1 (22. Rac1 $2 Nxe3 23. Rf3 e5 $15) 22... Bf6 23. Rac1 (
23. Nxd5 $2 Nxa1 24. Rxa1 Rc2 $17) 23... Nxe3 24. Rf3 $16) 20. Nf4 Bxf4 21.
Rxf4 Rc7 $36) 18... Rc7 19. Nge2 (19. Rfc1 Rac8 20. Kf1 $140 $2 Nxd4 21. f4 b4
$19) 19... Rac8 $17 {Black is simply dominating because of his control over
the c line.} 20. Nc1 ({He still can not step into the c line.} 20. Rfc1 $2 b4
$19) 20... Na5 21. Nd3 Nc4 22. Nd1 $2 {Another mistake. The knight has no
future on d1.} (22. Ne2 Be7 (22... Nxb2 $4 23. Nxb2 Rc2 24. Rfc1 $18) 23. Rfc1
f6 $17) 22... a5 $6 {I was reluctant to pull my pseudo active Bg5 back but it
has already accomplished its mission on that square.} (22... Be7 $17) 23. Re1
$1 {He is trying to get out of my hook.} b4 24. Re2 Nb6 $1 25. Kf1 $6 {He
could have tried to confuse the issue.} (25. a3 b3 26. Nc5 a4 27. Nc3 Rxc5 (
27... Ra8 28. Nb5 Rc6 29. Rc1 Ra5 30. Nc3 Be7 31. Nd3 Nc4 32. Ree1 $17) 28.
dxc5 Rxc5 29. Kf1 Bf6 30. Nd1 Kf8 31. Ke1 Ke7 32. f3 Kd6 $17) 25... Be7 $1 $17
{Now black is in full command of the position.} 26. Ke1 Bd6 $1 {Preparing for
central thrust with f6 and e5.} 27. g3 g5 28. Kd2 $6 {Another strange idea.} (
28. f3 f6 29. e4 Kf7 30. Ne3 h5 $17) 28... f6 $6 ({I was afraid that the
position might turn out to be closed to utmost after} 28... g4 $142 {Alas this
is not the case.} 29. b3 Nd7 $1 $19) 29. b3 e5 30. Rc1 (30. dxe5 fxe5 31. e4
Rc2+ $19) 30... e4 31. Rxc7 Rxc7 32. Ne1 a4 ({However now g4 will really close
the position unnecessarily.} 32... g4 $2 33. Nb2 Kf7 34. Ng2) 33. bxa4 $4 $138
{An unforced error in time trouble.} (33. f3 f5 34. Rf2 Kg7 35. Ng2 Kg6 36. Rf1
exf3 37. Rxf3 axb3 38. axb3 Nd7 39. Rf1 Nf6 40. Nf2 Rc3 41. Rb1 h5 $19) 33...
Nc4+ $4 {Of course I could have immediately finished the game with} (33... b3
$19) 34. Kc1 Nxe3+ 35. Nc2 {Believe or not I have missed this one.} (35. Kd2 $4
Nf1#) 35... Nc4 $5 {Another weird move.} (35... Nxd1 36. Kxd1 Kf7 37. Kc1 f5
38. Kb2 f4 39. a3 Rc4 $17) 36. Nde3 Nxe3 37. Rxe3 Ra7 38. Kb2 Rxa4 39. Kb3 Ra8
40. Re2 (40. Nxb4 $5 {He could have tried a brave attack in the rook ending.}
Bxb4 41. Kxb4 Rxa2 42. Kc5 Rxf2 43. Kxd5 Kf7 44. g4 (44. Rxe4 Rxh2 45. Kd6 h5
46. d5 Rh3 $19) (44. Kxe4 Rxh2 45. Rd3 h5 46. d5 Re2+ 47. Kf3 Re8 $19) 44...
Rxh2 45. Rxe4 Rh4 46. Kd6 h5 47. Re7+ Kg6 48. gxh5+ Rxh5 49. d5 g4 $19) 40...
Kf7 $1 41. Nxb4 Ke6 $19 {Now since his kingside pawns are immobilised he can
not do much against my coming pawns avalanche with f5-f4.} 42. h3 (42. Nd3 Ra3+
) 42... f5 43. Rc2 f4 44. g4 (44. gxf4 gxf4 45. a3 h5 {And he is doomed to
passivity.} 46. Kb2 f3 $19) 44... h5 45. Nc6 $4 {A howler in a lost position,
also he had no time.} (45. a3 Rh8 46. Ka4 hxg4 47. hxg4 Rh2 48. Kb3 f3 $19 {
followed by e3 wins easily.}) 45... Ra3+ 46. Kb2 Rxh3 47. gxh5 Ba3+ 0-1

[Event "Vojvodina op 8th"]
[Site "Novi Sad"]
[Date "2017.07.21"]
[Round "6"]
[White "Atalik, Suat"]
[Black "Marjanovic, Annamaria"]
[Result "1/2-1/2"]
[WhiteElo "2525"]
[BlackElo "2331"]
[Annotator "Atalik,S"]
[PlyCount "103"]
[EventDate "2017.07.16"]
[EventType "swiss"]
[EventRounds "9"]
[EventCountry "SRB"]
[SourceTitle "CBM 180"]
[Source "ChessBase"]
[SourceDate "2017.09.13"]
[SourceVersion "1"]
[SourceVersionDate "2017.09.13"]
[SourceQuality "1"]

1. d4 d5 2. c4 c6 3. Nc3 Nf6 4. e3 Bf5 $5 5. cxd5 cxd5 6. Qb3 Nc6 (6... Bc8 7.
f4 $5) 7. Qxb7 Bd7 8. Qb3 Rb8 9. Qd1 e5 {A relatively new idea, circa 2012.}
10. dxe5 Nxe5 11. Be2 (11. Nge2 $5 Bc5 (11... Bd6 12. Nf4) 12. Nd4 O-O 13. Be2)
11... Bd6 12. Nf3 O-O 13. O-O Qe7 14. a4 $5 (14. Nd4 Rfc8 15. a4 {is also
possible.}) 14... Rfd8 15. Nb5 $6 {I still can not believe I had given the
pawn back and started to walk on a very thin line within the possibility of a
draw.} (15. Nd4 $142) 15... Nxf3+ 16. Bxf3 Bxb5 17. axb5 Rxb5 18. Qa4 Rb7 19.
g3 Be5 20. Ra2 Rdb8 21. b3 $5 (21. Rd1 Bxb2 22. Bxb2 Rxb2 23. Qxa7 $14) 21...
Rxb3 22. Qxa7 Qxa7 23. Rxa7 d4 $6 {I am not so sure of this decision either.} (
23... Bb2 $142) (23... R3b7 $142) 24. Kg2 (24. Bd1 Rc3) 24... dxe3 (24... d3 $2
25. Rd1 {and the pawn is under danger.}) 25. Bxe3 h6 26. Re1 $5 (26. Rd1) 26...
Bc3 27. Rd1 Bb2 $1 {A good move threatening ...Ra3.} 28. h4 (28. Bf4 Re8) 28...
Ra3 $1 29. Re7 (29. Rb1 Rxa7 30. Bxa7 Rb4 {White can not gain anything
particular despite the pin.} 31. Bc5 Rc4 32. Be3 Be5 $11) (29. Rd2 Rxa7 30.
Bxa7 Rb4 $11) 29... Ra1 $11 30. Rxa1 Bxa1 31. g4 Rd8 32. Bb6 (32. g5 hxg5 33.
hxg5 Nd5 $11) 32... Rd7 33. Re2 Nd5 34. Re8+ Kh7 35. Ba5 g6 (35... Bc3 36. Bxc3
Nxc3 37. Re5 Rc7 $11) 36. Re1 Bg7 (36... Bc3 37. Rd1 $11 (37. Bxc3 Nxc3 38. Re5
Rd4 $11)) 37. Kg3 Bf8 $1 {With absolute equality.} 38. Rd1 Nf6 39. Rxd7 Nxd7
40. Bc6 Bd6+ 41. Kh3 Ne5 42. Bb5 h5 43. gxh5 (43. g5 Nf3) 43... gxh5 44. Be2
Kg6 45. Bd2 Nd7 46. Bd3+ Kg7 47. f3 Nf8 48. f4 Ng6 49. f5 (49. Kg3 Bxf4+ $5 50.
Bxf4 Nxf4 $11 {and White ends up with the wrong bishop.}) 49... Nf4+ 50. Bxf4
Bxf4 51. Be2 Kh6 52. Bc4 1/2-1/2